Lance's Pokemon - Statistics

General Stats
  • This quiz has been taken 5 times
  • The average score is 15 of 22
Answer Stats
He uses it in Answer % Correct
Kanto Aerodactyl
100%
Kanto Dragonair
100%
Kanto Dragonite
100%
Kanto Gyarados
100%
Kanto Kingdra
100%
Johto Charizard
75%
Unova Flygon
75%
Unova Haxorus
75%
Unova Hydreigon
75%
Stadium 2 Steelix
75%
Stadium 2 Tyranitar
75%
Johto Altaria
50%
Stadium Arcanine
50%
Stadium Electabuzz
50%
Kanto Exeggutor
50%
Stadium 2 Feraligatr
50%
Johto Garchomp
50%
Stadium Kangaskhan
50%
Stadium Lapras
50%
Johto Salamence
50%
Kanto Seadra
50%
Stadium Snorlax
50%
No matching quizzes found
Score Distribution
Percent of People with Each Score
Percentile by Number Answered
Your Score History
You have not taken this quiz